000 00698nam a2200241Ia 4500
003 OSt
005 20221005130904.0
006 a|||||r|||| 00| 0
007 ta
008 221004b |||||||| |||| 00| 0 eng d
024 _a44033
037 _cTextual
040 _aCRL
_cCRL
_beng
041 _2eng
_aeng
082 _aO15:7MRA:1, J4 under size
100 _aVarma Asvanti Tirunal Rama
_9638805
245 0 _aSantangopala prabandha comm by Govindaru Nampurippad
260 _c1954
650 _a ENGLISH LITERATURE
650 _aSANSKRIT LITERATURE
942 _hO15:7MRA:1, J4 under size
_cTEXL
_2cc
999 _c1058696
_d1058696